00867cam a2200241 a 45000010009000000050017000090080041000260200030000670200027000970400018001240820025001422450099001672600075002663000019003414900052003606500028004126500018004406500024004587000027004829420006005099520097005159990013006121619679220240222050656.0100421s2010 ii a b 001 0 eng  a9788132104506 (hard back) a8132104501 (hard back) aDLCcDLCdDLC00a322.4. 222bVAR. 00aVarieties of activist experience :bcivil society in South Asia /cedited by David N. Gellner. aNew Delhi, India ;aThousand Oaks, Calif. :bSAGE Publications,c2010. aviii, 291 p. :1 aGovernance, conflict, and civic action series ; 0aPolitical participation 0aCivil society 0aPolitical activists1 aGellner, David N.eedt cL 001040708LaWERCLbWERCLd2024-02-22l0o322.4. VAR. p6697r2024-02-22w2024-02-22yL c475d475